|
|
|
|
| LEADER |
00892naa a2200349 a 4500 |
| 001 |
000081821 |
| 003 |
SVKKK |
| 005 |
20061208140926.0 |
| 008 |
030616c2002 xo e sloo |
| FMT |
|
|
|
| 038 |
|
|
|a SVKKK
|
| 040 |
|
|
|a SVKKK
|b slo
|e AACR2
|
| 041 |
0 |
|
|a slo
|b eng
|
| 044 |
|
|
|a xo
|c SK
|
| 080 |
|
|
|a 504.73
|2 1997
|
| 080 |
|
|
|a 551.5
|2 1997
|
| 090 |
|
|
|a IV.196638
|
| 100 |
1 |
|
|a Plesník, Pavol,
|d 1920-
|4 aut
|
| 245 |
1 |
0 |
|a Vegetačné inverzie
|c Pavol Plesník
|
| 300 |
|
|
|b Obr.
|
| 504 |
|
|
|a Bibliogr. odkazy
|
| 504 |
|
|
|a Res. angl.
|
| 600 |
1 |
4 |
|a Plesník, Pavol,
|d 1920-,
|x geograf
|
| 650 |
0 |
4 |
|a vegetačné inverzie
|z Slovensko
|x vplyvy
|
| 773 |
0 |
|
|t Geographia slovaca
|d Bratislava : Geografický ústav SAV, 2002
|x 1210-3519
|g Č. 18 (2002), s. 151-157
|q 18
|
| 958 |
|
|
|a NB
|
| 974 |
|
|
|a Čr
|
| 992 |
|
|
|a RZB
|
| BAS |
|
|
|
| 852 |
|
|
|a SVKKK
|b BIB
|
| EXP |
|
|
|
| 998 |
|
|
|a SLO
|